00592nam a22001697a 450000500170000001000150001702000230003202000260005503500130008103700130009408200080010710000210011524501430013626000470027927000650032630000310039120230427130442.0 aENG-109292 a8172540086c200.00 a9788172540081c200.00 aEN-92825 bDBAD/PUB a000 aSubburaj, V.V.K. aBank clerks' common written exam (CWE) for recruitment in clerical cadre in 20 public sector banks conducted by IBPS /cby V.V.K. Subburaj aChennaibSura College of Competitionc2013 a1620, 'J' Block, 16th Main Road, Anna NagarbChennaie600040 avaroius pagingsc25cm(pbk)